<?xml version="1.0" encoding="UTF-8"?>
<collection xmlns="http://www.loc.gov/MARC21/slim">
 <record>
  <leader>02392pam a22002898a 4500</leader>
  <controlfield tag="001">00022754</controlfield>
  <controlfield tag="005">20171026081025.0</controlfield>
  <controlfield tag="008">110602s2005                  ||||||Viesd</controlfield>
  <datafield tag="041" ind1="0" ind2="#">
   <subfield code="a">Vie</subfield>
  </datafield>
  <datafield tag="082" ind1="1" ind2="4">
   <subfield code="a">612</subfield>
   <subfield code="b">S312L</subfield>
  </datafield>
  <datafield tag="100" ind1="0" ind2="#">
   <subfield code="a">Vũ Thị Thanh Bình</subfield>
  </datafield>
  <datafield tag="245" ind1="0" ind2="0">
   <subfield code="a">Sinh lí học thể dục thể thao</subfield>
   <subfield code="c">Vũ Thị Thanh Bình, Đồng Khắc Hưng, Phạm Thị Thiệu</subfield>
   <subfield code="b">Giáo trình cao đẵng sư phạm</subfield>
  </datafield>
  <datafield tag="260" ind1="#" ind2="#">
   <subfield code="a">H.</subfield>
   <subfield code="b">Đại học sư phạm</subfield>
   <subfield code="c">2005</subfield>
  </datafield>
  <datafield tag="300" ind1="#" ind2="#">
   <subfield code="a">334 tr.</subfield>
   <subfield code="c">24 cm.</subfield>
  </datafield>
  <datafield tag="500" ind1="#" ind2="#">
   <subfield code="a">Đầu bìa sách ghi : Bộ Giáo dục và Đào tạo. Dự án phát triển giáo viên THCS</subfield>
  </datafield>
  <datafield tag="650" ind1="#" ind2="4">
   <subfield code="a">Sinh lí học</subfield>
  </datafield>
  <datafield tag="650" ind1="#" ind2="4">
   <subfield code="a">Thể dục thể thao</subfield>
  </datafield>
  <datafield tag="653" ind1="#" ind2="#">
   <subfield code="a">Giáo trình</subfield>
  </datafield>
  <datafield tag="700" ind1="0" ind2="#">
   <subfield code="a">Phạm Thị Thiệu</subfield>
   <subfield code="e">tác giả</subfield>
  </datafield>
  <datafield tag="700" ind1="0" ind2="#">
   <subfield code="a">Đồng Khắc Hưng</subfield>
   <subfield code="e">tác giả</subfield>
  </datafield>
  <datafield tag="852" ind1="#" ind2="#">
   <subfield code="b">Kho giáo trình</subfield>
   <subfield code="j">KGT.0009468, KGT.0009469, KGT.0009470, KGT.0009471, KGT.0009472, KGT.0009473, KGT.0009474, KGT.0009475, KGT.0009476, KGT.0009477, KGT.0009478, KGT.0009479, KGT.0009480, KGT.0009481, KGT.0009482, KGT.0009483, KGT.0009484, KGT.0009485, KGT.0009486, KGT.0009487, KGT.0009488, KGT.0009489, KGT.0009490, KGT.0009491, KGT.0009492, KGT.0009493, KGT.0009494, KGT.0009495, KGT.0009496, KGT.0009497, KGT.0009498, KGT.0009499, KGT.0009500, KGT.0009501, KGT.0009502, KGT.0009503, KGT.0009504, KGT.0009505, KGT.0009506, KGT.0009507, KGT.0009508, KGT.0009509, KGT.0009510, KGT.0009511, KGT.0009512, KGT.0009513, KGT.0009514, KGT.0009515, KGT.0009516</subfield>
  </datafield>
  <datafield tag="852" ind1="#" ind2="#">
   <subfield code="b">Kho mượn</subfield>
   <subfield code="j">KGT.0009469</subfield>
  </datafield>
  <datafield tag="852" ind1="#" ind2="#">
   <subfield code="b">Kho đọc</subfield>
   <subfield code="j">KD.0009608</subfield>
  </datafield>
  <datafield tag="852" ind1="#" ind2="#">
   <subfield code="j">KD.0009608</subfield>
   <subfield code="j">KGT.0009513</subfield>
   <subfield code="j">KGT.0009514</subfield>
   <subfield code="j">KGT.0009468</subfield>
   <subfield code="j">KGT.0009470</subfield>
   <subfield code="j">KGT.0009471</subfield>
   <subfield code="j">KGT.0009475</subfield>
   <subfield code="j">KGT.0009476</subfield>
   <subfield code="j">KGT.0009478</subfield>
   <subfield code="j">KGT.0009479</subfield>
   <subfield code="j">KGT.0009481</subfield>
   <subfield code="j">KGT.0009482</subfield>
   <subfield code="j">KGT.0009486</subfield>
   <subfield code="j">KGT.0009487</subfield>
   <subfield code="j">KGT.0009489</subfield>
   <subfield code="j">KGT.0009490</subfield>
   <subfield code="j">KGT.0009494</subfield>
   <subfield code="j">KGT.0009495</subfield>
   <subfield code="j">KGT.0009497</subfield>
   <subfield code="j">KGT.0009498</subfield>
   <subfield code="j">KGT.0009500</subfield>
   <subfield code="j">KGT.0009503</subfield>
   <subfield code="j">KGT.0009505</subfield>
   <subfield code="j">KGT.0009506</subfield>
   <subfield code="j">KGT.0009508</subfield>
   <subfield code="j">KGT.0009509</subfield>
   <subfield code="j">KGT.0009473</subfield>
   <subfield code="j">KGT.0009474</subfield>
   <subfield code="j">KGT.0009483</subfield>
   <subfield code="j">KGT.0009484</subfield>
   <subfield code="j">KGT.0009492</subfield>
   <subfield code="j">KGT.0009493</subfield>
   <subfield code="j">KGT.0009501</subfield>
   <subfield code="j">KGT.0009502</subfield>
   <subfield code="j">KGT.0009511</subfield>
   <subfield code="j">KGT.0009515</subfield>
   <subfield code="j">KGT.0009516</subfield>
   <subfield code="j">KGT.0009469</subfield>
   <subfield code="j">KGT.0009472</subfield>
   <subfield code="j">KGT.0009477</subfield>
   <subfield code="j">KGT.0009480</subfield>
   <subfield code="j">KGT.0009485</subfield>
   <subfield code="j">KGT.0009488</subfield>
   <subfield code="j">KGT.0009491</subfield>
   <subfield code="j">KGT.0009496</subfield>
   <subfield code="j">KGT.0009499</subfield>
   <subfield code="j">KGT.0009504</subfield>
   <subfield code="j">KGT.0009507</subfield>
   <subfield code="j">KGT.0009510</subfield>
   <subfield code="j">KGT.0009512</subfield>
  </datafield>
  <datafield tag="910" ind1="0" ind2="#">
   <subfield code="a">nhnam</subfield>
   <subfield code="d">02/06/2011</subfield>
  </datafield>
  <datafield tag="980" ind1="#" ind2="#">
   <subfield code="a">Trung tâm Học liệu Lê Vũ Hùng, Trường Đại học Đồng Tháp</subfield>
  </datafield>
 </record>
</collection>
